अमर पुस्तके (Record no. 495266)
[ view plain ]
| 000 -LEADER | |
|---|---|
| fixed length control field | 00461nam a22001577a 4500 |
| 003 - CONTROL NUMBER IDENTIFIER | |
| control field | OSt |
| 005 - DATE AND TIME OF LATEST TRANSACTION | |
| control field | 20120302151730.0 |
| 008 - FIXED-LENGTH DATA ELEMENTS--GENERAL INFORMATION | |
| fixed length control field | 091127t xxu||||| |||| 00| 0 eng d |
| 035 ## - SYSTEM CONTROL NUMBER | |
| System control number | १७२७६ |
| 040 ## - CATALOGING SOURCE | |
| Transcribing agency | मराठी |
| 100 ## - MAIN ENTRY--PERSONAL NAME | |
| Personal name | दास, मनोज |
| 9 (RLIN) | 10576 |
| 245 ## - TITLE STATEMENT | |
| Title | अमर पुस्तके |
| 300 ## - PHYSICAL DESCRIPTION | |
| Other physical details | ६३ पाने |
| 700 ## - ADDED ENTRY--PERSONAL NAME | |
| Personal name | शिरोळकर, श्यामला - अनु. |
| 9 (RLIN) | 10578 |
| 942 ## - ADDED ENTRY ELEMENTS (KOHA) | |
| Source of classification or shelving scheme | Dewey Decimal Classification |
| Koha item type | Book |
| Withdrawn status | Lost status | Source of classification or shelving scheme | Damaged status | Not for loan | Home library | Current library | Date acquired | Cost, normal purchase price | Total Checkouts | Full call number | Barcode | Date last seen | Price effective from |
|---|---|---|---|---|---|---|---|---|---|---|---|---|---|
| Dewey Decimal Classification | Dr. Bedekar Vidya Mandir Library | Dr. Bedekar Vidya Mandir Library | 11/27/2009 | 0.00 | M823/SHI | 17276 | 03/19/2010 | 03/19/2010 |